| 000 | 00832nam a22001937a 4500 | ||
|---|---|---|---|
| 999 |
_c7948 _d7948 |
||
| 003 | AR-CdUCM | ||
| 008 | 190321b ||||| |||| 00| 0 spa d | ||
| 040 |
_aMUNICIPALIDAD PROVINCIAL DEL CUSCO _cBIBLIOTECA MUNICIPAL DEL CUSCO |
||
| 082 |
_a580.5 / _bP26 |
||
| 110 |
_aGobierno regional Cusco _922459 |
||
| 245 | _aParientes silvestres de cultivos andinos en el corredor vial interoceánico sur - tramo II / | ||
| 260 |
_aCusco : _bGobierno regional Cusco, _c2009. |
||
| 300 |
_a36 paginas ; _c21 cm. |
||
| 505 | _aContenido :Por la ruta de los parientes silvestres -- Parientes silvestres y la actualidad -- Metodología -- Área de intervención -- Rutas de exploración del corredor vial interoceanico sur - tramo II... | ||
| 650 |
_aCorredores sur _922460 |
||
| 650 |
_aMarcapata _921331 |
||
| 942 |
_2ddc _cLIBROS |
||
| 945 | _arum | ||